000 00577cam a2200205 4500500
005 20260405002027.0
041 _afre
042 _adc
100 1 0 _aReuveny, Yael
_eauthor
245 0 0 _aLe monde sous bulle
260 _c2015.
500 _a98
690 _aBulle
690 _aFutur
690 _aPeter Sloterdijk
690 _aTropical Island
690 _aUtopie
786 0 _nPhilosophie magazine | 92 | 9 | 2015-09-01 | p. 20-22 | 1951-1787
856 4 1 _uhttps://shs.cairn.info/magazine-philosophie-magazine-2015-9-page-20?lang=fr&redirect-ssocas=7080
999 _c2053452
_d2053452